Nine planets - Statistics

General Stats
  • This quiz has been taken 39 times
  • The average score is 9 of 9
Answer Stats
Planet Answer % Correct
6th Saturn
100%
2nd Venus
100%
3rd Earth
97%
4th Mars
97%
1st Mercury
97%
9th Pluto
97%
8th Neptune
94%
7th Uranus
94%
5th Jupiter
89%
No matching quizzes found
Score Distribution
Percent of People with Each Score
Percentile by Number Answered
Your Score History
You have not taken this quiz